000 00312nam a22001337a 4500
008 170323b xxu||||| |||| 00| 0 eng d
020 _a9780683004434
041 _aeng
080 _a616.9
100 _a8
101 _aSHM
245 _aPOCKET BOOK OF INFECTOUS DISEASE THERAPY
_cBARTLETT, J.G
942 _2udc
_cBK
999 _c8480
_d8480